|
|
|
|
| LEADER |
01020nam a2200277 i 4500 |
| 001 |
c000310910 |
| 003 |
CARM |
| 005 |
00000000000000.0 |
| 008 |
800908s1981 dcu b 00000 eng |
| 010 |
|
|
|a 80022366 //r92
|
| 019 |
1 |
|
|a 1802350
|5 LACONCORD2021
|
| 020 |
|
|
|a 0826814131
|
| 035 |
|
|
|a (OCoLC)6761312
|5 LACONCORD2021
|
| 043 |
|
|
|a n-us---
|
| 050 |
0 |
0 |
|a LA227.3
|b .Q35
|
| 082 |
0 |
0 |
|a 378.73
|
| 245 |
0 |
0 |
|a Quality--higher education's principal challenge /
|c edited by Thomas M. Stauffer.
|
| 260 |
|
|
|a Washington, D.C. :
|b American Council on Education,
|c c1981.
|
| 300 |
|
|
|a xi, 123 p. ;
|c 23 cm.
|
| 504 |
|
|
|a Includes bibliographical references.
|
| 650 |
|
0 |
|a Education, Higher
|z United States.
|
| 700 |
1 |
0 |
|a Stauffer, Thomas M.
|
| 710 |
2 |
0 |
|a American Council on Education.
|
| 852 |
8 |
|
|b CARM
|h A3:AD32B0
|i B11436
|p 0472586
|f BK
|
| 999 |
f |
f |
|i 866dac9a-9c98-5dc5-acba-0816e59d2fbb
|s e86cf40d-7247-5578-ad88-2e818abc7ebb
|
| 952 |
f |
f |
|p Can circulate
|a CAVAL
|b CAVAL
|c CAVAL
|d CARM 1 Store
|e B11436
|f A3:AD32B0
|h Other scheme
|i book
|m 0472586
|